| 000 | 00869nam a2200301Ia 4500 | ||
|---|---|---|---|
| 003 | OSt | ||
| 005 | 20220912144110.0 | ||
| 006 | a|||||r|||| 00| 0 | ||
| 007 | ta | ||
| 008 | 220909b |||||||| |||| 00| 0 eng d | ||
| 020 | _a9783034808767 (pbk) | ||
| 024 | _a198078 | ||
| 037 | _b798, 03/10/2017, Total Books India | ||
| 037 | _cTextual | ||
| 040 | _beng | ||
| 041 | _aeng | ||
| 082 | _aH413, Q5.1 | ||
| 100 | _aBen-Zion Yehuda Ed. | ||
| 245 | 0 | _aProperties and processes of crustal fault zones | |
| 260 |
_aNew York _bBirkhauser _c2015 |
||
| 300 |
_a312p. ill. _ccm |
||
| 500 | _aIncluded references. | ||
| 650 | _a Fluid dynamics | ||
| 650 | _aGeology | ||
| 700 | _a Rovelli Antonio Ed. | ||
| 942 |
_hH413, Q5.1 _cTEXL _2CC |
||
| 999 |
_c3212 _d3212 |
||